书目信息 |
| 题名: |
石拱桥
|
|
| 作者: | ;铁路专业设计院标准设计管理处 主编 | |
| 分册: | ||
| 出版信息: | 北京 人民交通出版社 1973.12 |
|
| 页数: | 213页 | |
| 开本: | 20cm | |
| 丛书名: | ||
| 单 册: | ||
| 中图分类: | U448.22 | |
| 科图分类: | ||
| 主题词: | 桥涵工程 | |
| 电子资源: | ||
| ISBN: | ||
| 000 | 00645nam0 2200193 450 | |
| 001 | 0630877046 | |
| 005 | 20061127083621.32 | |
| 010 | @dCNY0.90 | |
| 100 | @a20061127d1973 km y0chiy0120 ea | |
| 101 | 0 | @achi |
| 102 | @aCN@b110000 | |
| 200 | 1 | @a石拱桥@Ashi gong qiao@f铁路专业设计院标准设计管理处主编@Ftie lu zhuan ye she ji yuan biao zhun she ji guan li chu zhu bian |
| 210 | @a北京@c人民交通出版社@d1973.12 | |
| 215 | @a213页@d20cm | |
| 606 | 0 | @a桥涵工程 |
| 690 | @aU448.22@v3 | |
| 711 | 0 | @a铁路专业设计院标准设计管理处@Atie lu zhuan ye she ji yuan biao zhun she ji guan li chu@4主编 |
| 801 | 0 | @aCN@bPFT@c20061127 |
| 905 | @a10447@dU448.22@e1 | |
| 石拱桥/铁路专业设计院标准设计管理处主编.-北京:人民交通出版社,1973.12 |
| 213页;20cm |
| ISBN :CNY0.90 |
| ● |
| 相关链接 |
|
|
|
|
正题名:石拱桥
索取号:U448.22/1
 
预约/预借
| 序号 | 登录号 | 条形码 | 馆藏地/架位号 | 状态 | 备注 |
| 1 | 0008610 | 001482746 | 第二样本阅览室/ [索取号:U448.22/1] | 在馆 |